Artistas Baianos - Morte Súbita - Statistics

Estatísticas Gerais
  • Esse quiz foi jogado 172 vezes
  • A pontuação média é 4 de 16
Answers on the Grid
Answers color-coded by a green-red scale on the quiz's grid according to % correct below.
Whindersson Nunes
Gracyanne Barbosa
Wagner Moura
Lázaro Ramos
Rodrigo Santoro
Daniela Mercury
Carla Perez
Baco Exu do Blues
Preta Gil
Belchior
Wesley Safadão
Priscila Fantin
Vladimir Brichta
Gilberto Gil
Raul Seixas
Dorival Caymmi
Claudia Leitte
Simone
Gal Costa
Pitty
David Luiz
Bebeto
Hulk
Caetano Veloso
Rayssa Leal
Marta
Itamar Franco
Marina Silva
Lula
Zagallo
Luís Miranda
Marcos Nanini
 
Estatísticas das Respostas
Resposta % Correto
Lázaro Ramos
47%
Wagner Moura
46%
Caetano Veloso
38%
Gilberto Gil
35%
Pitty
34%
Carla Perez
32%
Daniela Mercury
32%
Gal Costa
32%
Raul Seixas
31%
Dorival Caymmi
26%
Baco Exu do Blues
24%
Bebeto
16%
Simone
12%
Luís Miranda
11%
Itamar Franco
5%
Priscila Fantin
4%
Nenhum quiz correspondente encontrado
Distribuição das Pontuações
Porcentagem de Pessoas com Cada Pontuação
Percentil de Números Respondidos
Sua Pontuação Histórica
Você não jogou esse quiz